Perkembangan perdagangan, perkapalan dan pelabuhan di British Borneo, 1800-1963 /
Saved in:
| Main Author: | |
|---|---|
| Format: | Thesis Book |
| Language: | Malay |
| Published: |
2002.
|
| Subjects: | |
| Online Access: | http://studentsrepo.um.edu.my/id/eprint/387 |
| Tags: |
Add Tag
No Tags, Be the first to tag this record!
|
| LEADER | 01103cam a2200277 a 4500 | ||
|---|---|---|---|
| 001 | u694875 | ||
| 003 | SIRSI | ||
| 008 | 990618s2002 my a t 00 10 may m | ||
| 040 | |a UMM | ||
| 043 | |a a-my-sr |a a-bx--- | ||
| 090 | |a DS520.5 |b UMP 2002 Hani | ||
| 100 | 0 | |a Hanizah Idris. | |
| 245 | 1 | 0 | |a Perkembangan perdagangan, perkapalan dan pelabuhan di British Borneo, 1800-1963 / |c Hanizah binti Idris. |
| 260 | |c 2002. | ||
| 300 | |a xxi, 477 leaves : |b ill., maps ; |c 30 cm. | ||
| 502 | |a Thesis (Ph.D.) -- Jabatan Pengajian Asia Tenggara, Fakulti Sastera dan Sains Sosial, Universiti Malaya, 2004. | ||
| 504 | |a Bibliography: leaves 444-457. | ||
| 650 | 0 | |a Harbors |z Brunei |x History | |
| 650 | 0 | |a Harbors |z Sarawak |x History | |
| 650 | 0 | |a Shipping |z Brunei |x History | |
| 650 | 0 | |a Shipping |z Sarawak |x History | |
| 710 | 2 | |a Universiti Malaya. |b Jabatan Pengajian Asia Tenggara. | |
| 856 | 4 | 1 | |u http://studentsrepo.um.edu.my/id/eprint/387 |
| 948 | |a 16/03/2004 |b 16/09/2004 | ||
| 596 | |a 1 | ||
| 999 | |a DS520.5 UMP 2002 HANI |w LC |c 1 |i A511380491 |d 16/6/2022 |e 16/6/2022 |f 10/6/2005 |g 1 |l STACKS |m P01UTAMA |n 38 |r Y |s Y |t TESIS |u 15/3/2005 | ||
